000
00322nam a22001337a 4500
008
171101b xxu||||| |||| 00| 0 eng d
020
_a
0130488933
041
_a
eng
080
_a
33
100
_a
59
101
_a
BUS
245
_a
ARTIFICIAL INTELLIGENCE IN BUSINESS, SCIENCE AND INDUSTRY
_c
RAUCH,W.B
942
_2
udc
_c
BK
999
_c
37005
_d
37005